000 01028pam a2200325 a 4500
008
020 _a9780323354813 (paperback)
040 _aNUST
_cNUST
049 _aMAIN
090 _aRB113
_bCOP
100 1 _aCopstead, Lee-Ellen
245 0 0 _aPathophysiology /
_cCopstead Lee-Ellen and Jacquelyn Banasik.
250 _aSixth edition.
260 _aSt Louis Missouri :
_bElservier ,
_c2019.
300 _axxii, 1177 pages :
_bcolour illustrations. ;
_c29 cm.
336 _atext
_btxt
_2rda
337 _aunmediated
_b2rdamedia
338 _avolume
_2rdacarrier
500 _aIncludes index.
504 _aIncludes bibliographical references.
650 0 _aPhysiology, Pathological.
650 2 _aDisease
_xnursing.
650 2 _aPathology
_xnurses' instruction.
650 2 _aPhysiology
_xnurses' instruction.
700 _aBanasik, Jacquelyn
_aauthor.
907 _a.b10419561
_b16-01-23
_c19-09-22
003
005 20230123141246.0
942 _cBOOKS
_kRB113
_mCOP
999 _c170412
_d170412